The Storyteller / (Record no. 216212)

MARC details
000 -LEADER
fixed length control field 00616nam a22001937a 4500
005 - DATE AND TIME OF LATEST TRANSACTION
control field 20260515120609.0
010 ## - LCCN (DPL NO)
LC control number ENG-148499
020 ## - INTERNATIONAL STANDARD BOOK NUMBER
International Standard Book Number 9789393757951
Terms of availability 350.00
035 ## - SYSTEM CONTROL NUMBER
System control number EN-132031
037 ## - SOURCE OF ACQUISITION
Source of stock number/acquisition DBAD
082 ## - DEWEY DECIMAL CLASSIFICATION NUMBER
Classification number S
100 ## - MAIN ENTRY--PERSONAL NAME
Personal name Didolkar, Mayur
245 ## - TITLE STATEMENT
Title The Storyteller /
Statement of responsibility, etc Mayur Didolkar
250 ## - EDITION STATEMENT
Edition statement 1st
260 ## - PUBLICATION, DISTRIBUTION, ETC. (IMPRINT)
Place of publication, distribution, etc Pune, Maharashtra
Name of publisher, distributor, etc Vishwakarma Publications
Date of publication, distribution, etc 2023
270 ## - ADDRESS
Address 34A/1, Suyog Center, 7th Floor, Gultekadi Marketyard Road, Giridhar Bhavan Chowk,
City Pune, Maharashtra
Postal code 411037
Telephone number 9168682200
Electronic mail address info@vpindia.co.in
300 ## - PHYSICAL DESCRIPTION
Extent 233p.
Dimensions 22cm(pbk)
942 ## - ADDED ENTRY ELEMENTS (KOHA)
Source of classification or shelving scheme Dewey Decimal Classification
Item type English Books
Classification part S
Call number suffix DUD
Holdings
Withdrawn status Lost status Not for loan Collection code Home library Current library Date acquired Source of acquisition Cost, normal purchase price Full call number Barcode Copy number Cost, replacement price Koha item type
      Fiction Tri Nagar Tri Nagar 15/05/2026 DBAD 350.00 S DUD EN-132031 1 350.00 English Books

© Delhi Public Library
Hit Counter
free hit counter